000 00354nam a2200133Ia 4500
008 220204s9999 xx 000 0 und d
082 _a575
_bANN.16
245 0 _aAnnual review of genetics. V 16
260 _aCalifornia
_bAnnual reviews
_c1982
650 _aDevelopmental genetics
650 _aGenetics
650 _aSomatic cell genetics
942 _cBK
999 _c28510
_d28510